| 000 | 01252 a2200205 4500 | ||
|---|---|---|---|
| 003 | Nust | ||
| 005 | 20170207152317.0 | ||
| 010 | _a 95032795 | ||
| 020 | _a0023142634 | ||
| 040 | _cNust | ||
| 082 | 0 | 0 | _a004.16 |
| 100 | 1 | _aBrey, Barry B. | |
| 245 | 1 | 0 |
_aProgramming the 80286, 80386, 80486, and pentium-based personal computer / _cBarry B. Brey. |
| 260 |
_aUpper Saddle River, N.J. : _bPrentice Hall, _cc1996. |
||
| 300 |
_ax, 786 p. : _bill. ; _c25 cm. + _e1 computer disk (3 1/2 in.) |
||
| 505 |
_aIntroduction to the Microprocessor and Personal Computer Page 1, Disks, DOS, and Batch Files Page 50, Windows and Configuring Windows Page 91,The Micorprocessor and Its Architecture Page 105, Addressing Modes Page 132 Data Movement Instructions Page 170, Arithmetic and Logic Instructions Page 219, Program Control Instructions Page 261, Keyword/Disply DOS and BIOS Functions Page 293, Conditional Assembly and Video Disply Page 330, _gDisk Memory Functions and The Mouse Page 368, Interrupt Hooks and the TSR Page 395, The Arthimetic Coprocessor Page 429, Advanced Assembly-Language Techniques Page 482 |
||
| 538 | _aAlmirah No.20 Shelf No.2 | ||
| 650 | 0 |
_aIntel 80xxx series microprocessors _xProgramming. |
|
| 650 | 0 |
_aPentium (Microprocessor) _xProgramming. |
|
| 942 | _cREF | ||
| 999 |
_c174756 _d174756 |
||